Statistics for National Parks of Poland / Parki Narodowe Polski

Click here to take the quiz!

General Stats

  • This quiz has been taken 160 times
  • The average score is 15 of 23

Answer Stats

RegionAnswer% Correct
Carpathian Mountains / KarpatyTatra
85%
Lowland Belt / Niziny ŚrodkowopolskieBiałowieża
78%
Baltic Sea Coast / PobrzeżaSłowiński
78%
Upland Belt / Pas WyżynOjców
77%
Lowland Belt / Niziny ŚrodkowopolskieKampinos
74%
Lowland Belt / Niziny ŚrodkowopolskieBiebrza
72%
Baltic Sea Coast / PobrzeżaWolin
71%
Carpathian Mountains / KarpatyBieszczady
70%
Sudete Mountains / SudetyStołowe Mountains
68%
Lake Belt / PojezierzaUjście Warty
68%
Sudete Mountains / SudetyKarkonosze
67%
Carpathian Mountains / KarpatyBabia Góra
64%
Carpathian Mountains / KarpatyPieniny
62%
Lake Belt / PojezierzaTuchola Forest
61%
Upland Belt / Pas WyżynRoztocze
58%
Upland Belt / Pas WyżynŚwiętokrzyski
58%
Lowland Belt / Niziny ŚrodkowopolskiePolesie
56%
Lake Belt / PojezierzaWielkopolski
55%
Lake Belt / PojezierzaWigry
55%
Lowland Belt / Niziny ŚrodkowopolskieNarew
52%
Carpathian Mountains / KarpatyGorce
50%
Carpathian Mountains / KarpatyMagura
49%
Lake Belt / PojezierzaDrawno
45%

Score Distribution

Percentile by Number Answered

Percent of People with Each Score

Your Score History

You have not taken this quiz